|
|
|
|
| LEADER |
00000nam a2200000 a 4500 |
| 001 |
vtls001472895 |
| 003 |
SK-MaSNL |
| 005 |
20260302020501.0 |
| 008 |
160430s2003 xo a 0 slo |
| 015 |
|
|
|a SNBE2004/02-00866
|
| 020 |
|
|
|a 8085134128
|
| 035 |
|
|
|a SNK000428197
|
| 040 |
|
|
|a SNK
|b slo
|c SNK
|e AACR2
|
| 041 |
0 |
|
|a slo
|
| 043 |
|
|
|a e-xo---
|
| 072 |
|
7 |
|a 56
|2 konspekt
|
| 245 |
1 |
|
|a Život pochovaný pod popolom
|c autori textu: Martin Sabol a Mária Janštová ; fotografie: Júlia Ferleťáková a Oľga Bodorová ; grafické riešenie: Alžbeta Nagyová
|
| 246 |
1 |
0 |
|a Life buried under ash
|
| 246 |
1 |
0 |
|a Hamuba temetett élet
|
| 246 |
1 |
1 |
|a Life buried under ash
|
| 246 |
1 |
1 |
|a Hamuba temetett élet
|
| 250 |
|
|
|a [1. vyd.]
|
| 260 |
|
|
|a Rimavská Sobota
|b Gemersko-malohontské múzeum
|c 2003
|
| 300 |
|
|
|a 1 skladačka ([8] s.)
|b fotogr.
|c 22 cm
|
| 500 |
|
|
|a Súbežný názov a text angl. a maď.
|
| 500 |
|
|
|a 500 výt.
|
| 650 |
0 |
7 |
|a paleontológia
|2 SNKPH
|9 50721
|
| 651 |
|
7 |
|a 609
|2 SNK
|9 296870
|
| 651 |
|
7 |
|a Hajnáčka I (Slovensko : paleontologická lokalita)
|2 SNKPHgeo
|9 663479
|
| 655 |
|
7 |
|a prospekty
|2 SNKPH
|9 62175
|
| 655 |
|
7 |
|a informačné publikácie
|2 SNKPH
|9 70181
|
| 700 |
1 |
|
|a Sabol, Martin,
|d 1973-
|4 akp
|9 210908
|
| 700 |
1 |
|
|a Janštová, Mária
|4 akp
|9 12271
|
| 700 |
1 |
|
|a Ferleťáková, Júlia
|4 fot
|9 333402
|
| 700 |
1 |
|
|a Bodorová, Oľga,
|d 1952-
|4 fot
|9 252264
|
| 700 |
1 |
|
|a Nagyová, Alžbeta
|4 gup
|9 290837
|
| 919 |
|
|
|a 80-85134-12-8
|
| 999 |
|
|
|c 1025317
|d 1027247
|
| 952 |
|
|
|t P60, <03>, [BOOK], {603}
|a SNK
|b SNK
|y PREZ
|7 0
|p 17A0422947
|o snkOSC 22569
|i snkKSP 5315/2004
|0 0
|1 0
|4 0
|d 2004-04-13
|l 0
|r 2005-01-02 00:00:00
|w 2026-02-24
|
| 952 |
|
|
|t P60, <04>, [BOOK], {604}
|a SNK
|b SNK
|y VYP
|7 0
|p 17A0422948
|o snkOSC 22569 D1
|i snkKSP 5316/2004
|0 0
|1 0
|4 0
|d 2004-04-13
|l 0
|r 2005-01-02 00:00:00
|w 2026-02-24
|